01226cam a22003494a 45000010008000000030005000080050017000130060019000300070015000490080041000640200023001050200015001280350026001430400027001690420008001960500027002040500017002310820014002482100036002622450110002982600047004083000008004554400008004635040051004715060043005226500050005656500056006157000020006717000017006917730043007088560125007517918383ASAB20180827062530.0m d cr n 030922s2004 nju sbf 001 0 eng d a047185199X (cloth) a047185199X a(WaSeSS)ssj0000354954 aDLCcDLCdASABdWaSeSS apcc 4aTP248.27.P55bH43 2004 4aTP248.27.P5500a660.622210aHandbook of plant biotechnology00aHandbook of plant biotechnologyh[electronic resource] /ceditors in chief, Paul Christou and Harry Klee. aHoboken, N.J. :bJohn Wiley & Sons,c2004. a738 v1&2 aIncludes bibliographical references and index. aLicense restrictions may limit access. 0aPlant biotechnologyvHandbooks, manuals, etc. 0aPlant genetic engineeringvHandbooks, manuals, etc.1 aChristou, Paul.1 aKlee, Harry. 0tWiley-Blackwell Online Reference Works40uhttp://www.columbia.edu/cgi-bin/cul/resolve?clio7918383zFull text available from Wiley-Blackwell Online Reference Works